| 000 | 00685 a2200193 4500 | ||
|---|---|---|---|
| 003 | NUST | ||
| 005 | 20230113175338.0 | ||
| 020 | _a9788120333017 | ||
| 040 | _cNUST | ||
| 082 | _a372.6,SEN | ||
| 100 |
_aSen, Leena _9106724 |
||
| 245 |
_aCommunication skills / _cLeena Sen, |
||
| 250 | _a2nd ed. | ||
| 260 |
_aPHI Learning Private Limited _bNew Delhi _c2007 |
||
| 300 |
_axiii, 277 p. _billus |
||
| 505 | _aManagerial Communication (Page-3), Verbal Communication and Presentation Skills (Page-69), Non-Verbal Communication (Page-159), Written Communication Communicating in a Multicultural World (Page-209). | ||
| 650 |
_aCommunication Skills _965561 |
||
| 942 |
_2ddc _cBK _k372.6,SEN |
||
| 999 |
_c188949 _d188949 |
||